[Event "Stay Safe Play From Home 361"]
[Site "Emanuel Lasker Arena"]
[Date "2020.08.06"]
[Round "6"]
[White "Ao017545"]
[Black "James Harcourt"]
[Result "1-0"]
[WhiteElo "1527"]
[BlackElo "1344"]
[Annotator "NA RC"]
[PlyCount "41"]
[EventDate "2020.08.06"]
[EventType "swiss (blitz)"]

1. e4 {[%emt 0:00:01]} e5 {[%emt 0:00:06]} 2. Nf3 {[%emt 0:00:00]} Nf6 {[%emt 0:00:01]} 3. Bc4 {[%emt 0:00:00]} Bc5 {[%emt 0:00:00]} 4. Nxe5 {[%emt 0:00:01]} Nxe4 {[%emt 0:00:02]} 5. Nxf7 {[%emt 0:00:01]} Qf6 {[%emt 0:00:03]} 6. O-O {[%emt 0:00:10]} Nxf2 {[%emt 0:00:06]} 7. Rxf2 {[%emt 0:00:07]} Qxf2+ {[%emt 0:00:02]} 8. Kh1 {[%emt 0:00:01]} Rf8 {[%emt 0:00:03]} 9. d4 {[%emt 0:00:08]} Be7 {[%emt 0:00:03]} 10. Ne5 {[%emt 0:00:05]} d6 {[%emt 0:00:02]} 11. Nf3 {[%emt 0:00:08]} Bh3 {[%emt 0:00:02]} 12. Bf1 {[%emt 0:00:05]} Bxg2+ {[%emt 0:00:03]} 13. Bxg2 {[%emt 0:00:01]} Nd7 {[%emt 0:00:07]} 14. Nc3 {[%emt 0:00:00]} O-O-O {[%emt 0:00:02]} 15. Bd2 {[%emt 0:00:00]} Nf6 {[%emt 0:00:02]} 16. Qf1 {[%emt 0:00:00]} Qxf1+ {[%emt 0:00:04]} 17. Rxf1 {[%emt 0:00:00]} Nd5 {[%emt 0:00:01]} 18. Ng5 {[%emt 0:00:00]} Nxc3 {[%emt 0:00:02]} 19. Rxf8 {[%emt 0:00:02]} Bxg5 {[%emt 0:00:01]} 20. Bh3+ {[%emt 0:00:02]} Kb8 {[%emt 0:00:08]} 21. Rxd8+ {[%emt 0:00:00] TimeB TimeB TimeB TimeB TimeB} 1-0

[Event "Stay Safe Play From Home 361"]
[Site "Emanuel Lasker Arena"]
[Date "2020.08.06"]
[Round "7"]
[White "NTBT_DHS"]
[Black "Little champs"]
[Result "1-0"]
[WhiteElo "2603"]
[BlackElo "2141"]
[Annotator "TA"]
[PlyCount "43"]
[EventDate "2020.08.06"]
[EventType "swiss (blitz)"]

{[%evp 9,43,39,47,47,45,26,104,23,52,66,67,21,65,16,77,32,31,13,15,11,28,0,25,10,211,213,648,561,1075,1062,1824,940,1333,1333,29995,29996]} 1. d4 c6 2. Nc3 d5 3. e4 Nf6 4. e5 Nfd7 5. f4 e6 6. Nf3 {B15: Caro-Kann: 3 Nc3: 3...g6 and 3...dxe4 4 Nxe4 Nf6 5 Nxf6+ exf6.} Be7 7. Bd3 O-O {[#]} (7... c5 $11 {keeps the balance.}) 8. O-O {[#]} ({White should play} 8. h4 $1 $16 {Threatens to win with Bxh7+!} Qb6 9. a3) 8... f5 $146 ({Predecessor:} 8... c5 9. Ng5 h6 10. Nf3 cxd4 11. Nb5 Nc6 12. Nbxd4 Nxd4 13. Nxd4 Nc5 14. Be2 Qb6 {½-½ (53) Ortin Blanco,A (1692)-Ferkova,D (1585) Budva 2013}) 9. exf6 Nxf6 10. Ng5 h6 11. Nf3 Na6 (11... c5 $11) 12. Ne5 Nb4 13. a3 Nxd3 14. Qxd3 Bd6 15. Be3 Qc7 16. Rf3 Bxe5 $2 {Black cannot hold the game after this.} (16... Bd7 $11 {and Black is okay.}) 17. fxe5 $18 ({Resist} 17. dxe5 $6 Ne8 $16) 17... Nd7 $2 (17... Nh7 18. Raf1 Rxf3 19. Rxf3 Nf8) 18. Rg3 b6 19. Bxh6 Rf7 20. Rf1 {[#] Rxf7 would kill now.} Rxf1+ 21. Qxf1 Nf8 22. Qf6 {Accuracy: White = 46%, Black = 14%.} 1-0

[Event "Stay Safe Play From Home 361"]
[Site "Emanuel Lasker Arena"]
[Date "2020.08.06"]
[Round "7"]
[White "Uber_WING"]
[Black "Nuktotitakoi"]
[Result "1-0"]
[WhiteElo "2393"]
[BlackElo "2493"]
[Annotator "TA"]
[PlyCount "93"]
[EventDate "2020.08.06"]
[EventType "swiss (blitz)"]

{[%evp 14,93,14,0,0,-8,0,-7,0,-11,-11,-7,-5,-10,-5,-27,0,0,0,-114,-4,-52,-41,-191,-104,-284,-274,-262,-135,-268,-284,-266,-272,-277,-261,-285,-270,-274,-266,-296,-275,-283,-276,-348,-317,-312,-292,-542,-298,-746,-266,-803,-744,-896,-873,-1014,-986,-1123,-869,-890,-869,-805,-802,-700,-669,-666,-628,-6303,-885,-798,-317,-806,-443,-439,404,382,322,-931,400,396,974,956]} 1. e4 d6 2. Nc3 Nf6 3. g3 c5 4. Bg2 Nc6 5. d3 g6 6. h3 Bg7 7. Be3 Rb8 8. Qd2 b5 {B26: Closed Sicilian: 3 g3, lines with early Be3.} 9. a3 a5 10. Nge2 b4 {The position is equal.} 11. axb4 axb4 12. Nd1 O-O 13. O-O {[#]} e6 $146 ({Predecessor:} 13... Bb7 14. f4 e6 15. e5 Nd5 16. Bf2 dxe5 17. Bxc5 Re8 18. fxe5 Nxe5 19. d4 Nc4 {½-½ (31) Kovanova,B (2371)-Nebolsina,V (2220) Sochi 2017}) 14. f4 Nd7 15. g4 Bb7 16. Nf2 (16. f5 $11 {keeps the balance.}) 16... f5 (16... Bxb2 $17 17. Rab1 Bg7) 17. exf5 exf5 18. g5 (18. gxf5 $15 gxf5 19. d4) 18... Ne7 ({Black should try} 18... Bxb2 $19 19. Rab1 Bg7) 19. Ng3 $2 (19. Bxb7 $17 Rxb7 20. c4) 19... Bxg2 20. Kxg2 Qc7 (20... Bxb2 $19 21. Ra6 Qc7) 21. h4 (21. Nd1 $17) 21... Bxb2 $19 22. Rab1 Bc3 23. Qe2 Qc6+ 24. Qf3 Qxf3+ 25. Kxf3 Nd5 26. Bc1 Rfe8 27. Nd1 Ra8 28. Ne3 Nxe3 29. Bxe3 Ra2 30. Rf2 $2 (30. Rfc1 {only move.}) 30... Nb6 31. Ne2 $2 (31. Nf1) 31... Bg7 $2 (31... Nd5 32. Bc1 Be1) 32. d4 $2 (32. Nc1 Raa8 33. Nb3) 32... Nc4 33. Bc1 Rxc2 34. dxc5 dxc5 35. Ng3 Rxf2+ 36. Kxf2 Bd4+ 37. Kf1 Na3 38. Rb3 Nb5 39. Ne2 Bc3 40. Kf2 {[#]} c4 (40... Rxe2+ $142 $1 41. Kxe2 Nd4+ {[%mdl 64] Double Attack} 42. Kd3 Nxb3) 41. Rb1 Re4 $2 (41... b3 42. h5 gxh5) 42. Be3 $2 (42. Nxc3 Nxc3 43. Rxb4) 42... Na3 43. Rd1 b3 $4 {[%mdl 8192]} (43... Bb2 $19 {And now ...b3 would win.} 44. Rd8+ Kf7 45. Rd7+ Ke6 46. Rxh7 b3) 44. Rd8+ Kf7 45. Rb8 $4 {[%mdl 8192] [#]} (45. Nxc3 $18 Re6 46. Bc5) 45... b2 $4 {[%mdl 8192]} (45... Rxe3 $1 $19 {avoids the disaster.} 46. Kxe3 Nc2+ 47. Kf3 Bb4 48. Rb7+ Ke6) 46. Nxc3 $18 Re8 $2 (46... b1=R 47. Nxb1 Nc2) 47. Rxb2 {White used his chance. Accuracy: White = 35%, Black = 40%.} 1-0

[Event "Stay Safe Play From Home 361"]
[Site "Emanuel Lasker Arena"]
[Date "2020.08.06"]
[Round "7"]
[White "SoulofWolf"]
[Black "Gokerkan"]
[Result "0-1"]
[WhiteElo "2302"]
[BlackElo "2582"]
[Annotator "TA"]
[PlyCount "112"]
[EventDate "2020.08.06"]
[EventType "swiss (blitz)"]

{[%evp 9,112,-15,-12,-37,-35,-48,-42,-52,-57,-50,-46,-72,-59,-95,-56,-85,-77,-117,-112,-160,-152,-165,-152,-187,-189,-340,-243,-225,-218,-382,-390,-372,-363,-619,-631,-647,-645,-638,-567,-609,-545,-597,-590,-693,-608,-566,-493,-456,-403,-395,-344,-361,-259,-247,-255,-252,-210,-964,-960,-1266,-1275,-1246,-1247,-1329,-1294,-1530,-1510,-3001,-2474,-5273,-1826,-1686,-1162,-1186,-1182,-1158,-1170,-1106,-1079,-29977,-29978,-29987,-29986,-29986,-29987,-29987,-29988,-29988,-29988,-29988,-29989,-29990,-29991,-29991,-29992,-29992,-29993,-29993,-29994,-29995,-29996,-29997,-29997,-29997,-29998]} 1. d4 g6 2. Nf3 c5 3. g3 cxd4 4. Nxd4 Bg7 5. Nf3 Nc6 6. Bg2 {A40: Unusual replies to 1 d4.} d5 7. O-O Nf6 8. c3 {Black is slightly better.} O-O 9. Na3 e5 10. Nc2 {[#]} Re8 $146 ({Predecessor:} 10... Bf5 11. Ne3 Be4 12. Nc2 Qd7 13. Bg5 Rac8 14. Qd2 h6 15. Bxf6 Bxf6 16. Rac1 Kg7 {1-0 (36) Fries Nielsen,N (2297)-Hinrichs,J (2124) Helsingor 2014}) 11. a3 Bf5 12. Re1 h6 13. Ne3 Be6 14. h4 Qd7 15. Qa4 Rad8 16. Qb5 a6 17. Qb6 $2 (17. Qa4) 17... d4 18. cxd4 exd4 19. Nd1 $2 (19. Rd1) 19... Nd5 $19 20. Qc5 Rc8 21. Qc2 $2 (21. e4 dxe3 22. Bxe3) 21... Ncb4 22. Qd2 Nc2 {[%mdl 64] [#] Double Attack} 23. Rb1 Nxe1 24. Qxe1 Bf5 25. Ra1 Rc2 26. e3 dxe3 27. Nxe3 Nxe3 28. Bxe3 Bxb2 29. Rd1 Qe7 30. a4 Bg7 31. Nd4 Bxd4 32. Rxd4 Rb2 33. Qd1 $2 (33. Qa5) 33... Rb1 34. Kh2 Rxd1 35. Rxd1 b5 36. axb5 axb5 37. Rd4 b4 38. Rc4 b3 39. Bc5 b2 40. Bxe7 Rxe7 {[%mdl 4096] Endgame KRB-KRB} 41. Rb4 b1=Q 42. Rxb1 Bxb1 43. g4 Be4 44. Kg3 Bxg2 {Black mates.} 45. f3 {[#]} Bxf3 $1 46. Kxf3 g5 47. hxg5 hxg5 {KR-KP} 48. Kg3 Re4 49. Kf3 Rf4+ 50. Kg3 Kg7 51. Kh3 Kf6 52. Kg3 Ke5 53. Kh3 Ke4 54. Kg3 Ke3 55. Kh3 Kf3 56. Kh2 Rxg4 {White did not feel at home in the position after the opening. Accuracy: White = 31%, Black = 72%.} 0-1

[Event "Stay Safe Play From Home 361"]
[Site "Emanuel Lasker Arena"]
[Date "2020.08.06"]
[Round "7"]
[White "SelamiSahin"]
[Black "James Harcourt"]
[Result "1-0"]
[WhiteElo "2099"]
[BlackElo "1335"]
[Annotator "TA"]
[PlyCount "21"]
[EventDate "2020.08.06"]
[EventType "swiss (blitz)"]

{[%evp 9,20,88,93,91,378,189,395,249,342,73,378,279,29999]} 1. d4 d5 2. c4 Nf6 3. Nc3 dxc4 4. e4 Bg4 5. f3 Bd7 6. Bxc4 {[#] D20: Queen's Gambit Accepted: 3 e3 and 3 e4.} e5 $146 {[%mdl 8192] [#]} (6... e6 $16) ({Predecessor:} 6... a6 7. Qb3 Nc6 8. Bxf7# {1-0 (8) Duarte,F (1218)-Costa,T Vila Nova de Gaia 2018}) 7. Qb3 (7. dxe5 $142 Ng8 8. Qb3) 7... exd4 $2 (7... Bd6 {was necessary.}) 8. Bxf7+ $18 Ke7 {...Nc6 would now be nice for Black.} 9. Nd5+ $2 (9. e5 $18 {and White stays clearly on top.} dxc3 10. Be3 (10. exf6+ Kxf6 11. Ne2 Qe7 $16) (10. bxc3 c5 $18)) 9... Nxd5 $4 {[%mdl 8192]} (9... Kxf7 $16 {is a better chance.} 10. Nxc7+ {[%mdl 64] Discovered Attack} Kg6) 10. Qxd5 {[%cal Rc1g5] [#]} Be6 $2 (10... h6 $18 11. Ne2 c6) 11. Qxe6# {Black did not feel at home in the position after the opening. Accuracy: White = 42%, Black = 16%.} 1-0

[Event "Stay Safe Play From Home 361"]
[Site "Emanuel Lasker Arena"]
[Date "2020.08.06"]
[Round "7"]
[White "Greblah"]
[Black "Lamborghini"]
[Result "0-1"]
[WhiteElo "1842"]
[BlackElo "2267"]
[Annotator "TA"]
[PlyCount "98"]
[EventDate "2020.08.06"]
[EventType "swiss (blitz)"]

{[%evp 9,98,16,31,27,41,19,20,24,25,-21,-3,-23,-20,-30,-18,-24,-40,-30,-33,-41,-18,-136,-55,-66,-32,-188,-71,-183,-95,-170,-164,-147,-102,-108,50,-69,-51,-120,-122,-243,-233,-430,-425,-502,-472,-512,-464,-703,-685,-1288,-1063,-1049,-973,-1504,-1435,-2091,-1572,-29986,-1996,-29986,-711,-599,-581,-697,-697,-620,-649,-595,-606,-29972,-29976,-29973,-29975,-29977,-29978,-29974,-29975,-29981,-29982,-29985,-29979,-29979,-29980,-29980,-29981,-29982,-29983,-29985,-29982,-29981,0]} 1. e4 c5 2. Nc3 d6 3. g3 Nc6 4. Bg2 Bd7 5. d3 Qc8 6. Be3 {[#] B24: Closed Sicilian: 3 g3 sidelines.} Rb8 $146 ({Predecessor:} 6... g6 7. Qd2 Bg7 8. f4 Nh6 9. h3 f5 10. Nd1 O-O 11. c3 Rb8 12. Nf2 e6 {½-½ (43) Bosco,R (2169)-Vajnik,E Buenos Aires 2000}) 7. Qd2 g6 8. Nf3 {The position is equal.} h5 9. h4 Nf6 10. O-O Ng4 11. Bg5 Bg7 12. Nd1 b5 {[%cal Bb7b5,Bb5b4][%mdl 32]} 13. c3 b4 14. Ne3 a5 15. Nxg4 (15. d4 $11) 15... Bxg4 (15... hxg4 $17 16. Nh2 a4) 16. Nh2 Bd7 17. f3 $2 {[#]} (17. a4 $15) 17... Qa6 (17... a4 $1 $19 {Strongly threatening ...a3.} 18. a3 bxc3 19. bxc3 Rb3) 18. Rfd1 {[#]} (18. c4 $17 {was necessary.}) 18... O-O (18... a4 $1 $19 {[%cal Ra4a3] Hoping for ...a3.} 19. cxb4 a3 20. bxa3 Bxa1 21. Rxa1 Qxa3 22. bxc5 Nd4) 19. Bf1 (19. Bh6 $17 {is a better defense.}) 19... bxc3 20. bxc3 Qa7 21. Be3 Ne5 $2 ({Black should play} 21... Rb6 $17 {aiming for ...Rfb8.} 22. d4 cxd4 23. cxd4 Rb4) 22. Be2 ({White must play} 22. d4 $14) 22... a4 23. f4 (23. d4 $15 Nc6 24. dxc5) 23... Nc6 $17 24. Rab1 (24. d4 $17) 24... a3 25. Rxb8 $2 (25. g4) 25... Rxb8 $19 ({Not} 25... Nxb8 26. f5 $11) 26. Rc1 Rb2 27. Rc2 Qb7 28. Kf2 (28. Nf3 $142 Be6 29. Qd1) 28... Be6 29. c4 Nd4 30. Bxd4 Bxd4+ 31. Kf3 f5 32. Qc1 Qb4 {Threatens to win with ...Rxc2.} 33. Nf1 fxe4+ (33... Rxc2 $142 34. Qxc2 Qe1 35. Ne3 Qh1+ 36. Kf2 Qh2+ 37. Ke1 Bxe3 38. Qd2 Qh1+ 39. Bf1 Bxd2+ 40. Kf2 fxe4 41. dxe4 Bg4 42. f5 Qf3+ {[%mdl 64] Double Attack} 43. Kg1 Be3+ 44. Kh2 Qf2+ {[%mdl 64] Double Attack} 45. Bg2 Qg1#) 34. dxe4 Rxc2 (34... Bg4+ $142 35. Kg2 Bxe2 36. Rxe2 Rxe2+ 37. Kh3 Rxa2 38. f5 Qb2 39. Qxb2 Rxb2 40. g4 Rb3+ 41. Kh2 a2 42. f6 a1=Q 43. f7+ Kxf7 44. e5 Qxf1 45. e6+ Kxe6 46. gxh5 Qh3#) 35. Qxc2 Qb2 36. Bd3 Qxc2 {[%mdl 64] Overworked Piece} 37. Bxc2 Bxc4 {[%mdl 4160] Endgame Double Attack. KBB-KBN} 38. Nd2 Bxa2 39. Bb3+ Bxb3 {Black mates.} 40. Nxb3 {KB-KN} a2 41. e5 a1=Q 42. Nxa1 Bxa1 43. exd6 exd6 {KB-K3P} 44. Ke4 {[#]} d5+ $1 45. Kxd5 Kf7 46. Kxc5 Kf6 47. Kd5 Kf5 48. Kd6 Bf6 49. Kd5 Bd4 $2 {[%mdl 32768] Accuracy: White = 28%, Black = 62%. . Loss on time!?} (49... Bc3 {mates} 50. Kc4 Be1 51. Kd4 Bxg3 52. Ke3 Bxh4 53. Kf3 Be7 54. Ke3 Bc5+ 55. Kf3 h4 56. Ke2 Kxf4 57. Kd3 Be3 58. Kc4 h3 59. Kd5 h2 60. Kc4 h1=Q 61. Kb4 Qc6 62. Kb3 Bd2 63. Ka2 Qc3 64. Kb1 Qb3+ 65. Ka1 Bc3#) 0-1

[Event "Stay Safe Play From Home 361"]
[Site "Emanuel Lasker Arena"]
[Date "2020.08.06"]
[Round "7"]
[White "Edmatuag"]
[Black "AChessPlayer"]
[Result "0-1"]
[WhiteElo "1681"]
[BlackElo "2439"]
[Annotator "TA"]
[PlyCount "74"]
[EventDate "2020.08.06"]
[EventType "swiss (blitz)"]

{[%evp 9,73,-55,-21,-66,-33,-40,-39,-75,-68,-172,-86,-108,-37,-60,-39,-87,-83,-96,-87,-94,-87,-77,-81,-126,-99,-98,-38,-64,-18,-54,-54,-267,-41,-47,-31,-33,25,25,118,-67,-75,-190,-111,-547,-544,-535,-294,-966,-943,-982,-560,-1645,-1639,-1618,-1602,-1544,-1536,-1473,-1468,-1231,-944,-1166,-1184,-29989,-29990,-29999]} 1. f3 d6 2. e3 e5 3. Ne2 ({Predecessor:} 3. Nh3 Bxh3 4. gxh3 Nc6 5. Bg2 Be7 6. O-O Nf6 7. b3 O-O 8. a4 h6 9. Ba3 d5 {0-1 (21) Tazegul,A-Yildiz,K Konya 2017}) 3... f5 4. Ng3 Nf6 5. d3 Be7 6. Be2 {A00: Irregular Openings.} O-O 7. O-O Nc6 8. Qe1 {Black is slightly better.} d5 9. Qf2 (9. c3 $15) 9... Bd6 (9... Bc5 $19 {Strongly threatening ...f4!} 10. f4 Ng4 11. Bxg4 fxg4) 10. c3 Bc5 ({Better is} 10... b6 $17 11. d4 g6) 11. d4 $15 Bd6 12. dxe5 Nxe5 13. Nd2 Qe7 {White must now prevent ...f4!} 14. Nb3 c6 15. Nd4 g6 16. e4 fxe4 17. fxe4 Qg7 (17... Nxe4 $17 18. Qxf8+ Qxf8 19. Rxf8+ Bxf8) 18. Qe3 Nfg4 19. Bxg4 Nxg4 20. Qg5 $2 (20. Qe1 $15) 20... Rxf1+ $2 ({Black should try} 20... Bd7 $19 {And now ...dxe4 would win.} 21. Nf3 Bc5+ 22. Kh1 Nf2+ 23. Rxf2 Bxf2 24. exd5 Rae8) 21. Nxf1 Be7 22. Qf4 c5 (22... Bd7 $15 23. Qc7 Bc5) 23. Nf3 $11 Be6 (23... Nf6 $11) 24. e5 $2 (24. exd5 $16 Rf8 25. Qg3) 24... Rf8 $36 {[%mdl 2048] White is under strong pressure.} 25. Qa4 (25. Qg3 $17) 25... a6 (25... c4 $19 {Hoping for ...Bc5+.} 26. Qxa7 {[#]} Rxf3 $1 {[%mdl 576] Remove Defender} 27. gxf3 Qf8) 26. Ng5 $2 {[%mdl 8192]} (26. Bf4 $17 {is a better chance.}) 26... Bxg5 $19 27. Bxg5 Qxe5 28. Qc2 $2 (28. h3) 28... Qxg5 29. Re1 Bf5 30. Qe2 Be4 31. Ng3 {[#]} Rf2 $1 32. Qxf2 Nxf2 33. Kxf2 Qd2+ 34. Re2 Qd3 35. Nxe4 dxe4 36. Kf1 e3 37. Ke1 Qb1# {Accuracy: White = 28%, Black = 36%.} 0-1

[Event "Stay Safe Play From Home 361"]
[Site "Emanuel Lasker Arena"]
[Date "2020.08.06"]
[Round "7"]
[White "Klasman"]
[Black "Stefanone"]
[Result "0-1"]
[WhiteElo "1403"]
[BlackElo "1948"]
[Annotator "TA"]
[PlyCount "50"]
[EventDate "2020.08.06"]
[EventType "swiss (blitz)"]

{[%evp 9,50,0,25,-39,36,45,51,47,52,-34,-27,-53,-7,-7,-9,-94,15,-34,0,0,3,0,2,2,47,-12,-12,-9,60,58,1452,1347,2496,2427,29990,29991,29991,29992,29992,29991,29991,29992,29997]} 1. f4 d6 2. e4 g6 3. d4 Bg7 4. Be3 Nd7 5. c4 e5 6. Nf3 {[#] B06: Modern Defence.} (6. Nc3 $11) 6... Ne7 $146 (6... Ngf6 $15) ({Predecessor:} 6... exf4 7. Bxf4 Ngf6 8. Bd3 O-O 9. O-O h6 10. Qd2 g5 11. Bg3 Nh5 12. Bf2 Nf4 {1-0 (23) Khalifah,K (1511)-Zhou,A (1764) Batumi 2016}) 7. Nc3 O-O 8. Bd3 {White is slightly better.} f5 9. dxe5 ({White should try} 9. fxe5 $14 dxe5 10. d5) 9... dxe5 $15 10. fxe5 Nxe5 (10... f4 {keeps more tension.} 11. Bf2 Nxe5 12. Be2 Nxf3+ 13. Bxf3 Be6) 11. Nxe5 Bxe5 12. O-O {[#]} (12. Bg5 $11 {keeps the balance.}) 12... Nc6 (12... f4 $1 $17 {[%cal Rf4e3]} 13. Bf2 {[#]} f3 $1 {[%mdl 512]}) 13. exf5 Bxf5 (13... Qh4 $5 {[%cal Re5h2]} 14. g3 Bxg3 $15) 14. Bxf5 Rxf5 15. Rxf5 gxf5 16. Qh5 Qf6 17. Bg5 (17. Rf1 $14 Rf8 18. Nd5) 17... Qg6 $11 18. Qh4 Nd4 (18... Re8 $11) 19. Nd5 $36 {[%mdl 2048] Hoping for Ne7+. White has the initiative.} h6 $2 {[%mdl 8192] Loses the game.} (19... Re8 $14) 20. Ne7+ $18 {[%mdl 64] Double Attack} Kf7 21. Nxg6 Kxg6 22. Qxh6+ {White mates.} Kf7 23. Qh7+ Bg7 24. Bh6 Rg8 25. Re1 Kf8 {[%mdl 32768] Accuracy: White = 42%, Black = 22%. . Sensor Board Error (Ke4/e5)?} 0-1

[Event "Stay Safe Play From Home 361"]
[Site "Emanuel Lasker Arena"]
[Date "2020.08.06"]
[Round "8"]
[White "NTBT_DHS"]
[Black "Ao017545"]
[Result "1-0"]
[WhiteElo "2605"]
[BlackElo "1536"]
[Annotator "NA RC"]
[PlyCount "39"]
[EventDate "2020.08.06"]
[EventType "swiss (blitz)"]

1. d4 {[%emt 0:00:01]} e5 {[%emt 0:00:01]} 2. Nc3 {[%emt 0:00:00]} exd4 {[%emt 0:00:01]} 3. Qxd4 {[%emt 0:00:00]} Nc6 {[%emt 0:00:00]} 4. Qe4+ {[%emt 0:00:00]} Be7 {[%emt 0:00:01]} 5. Bg5 {[%emt 0:00:00]} Nf6 {[%emt 0:00:00]} 6. Bxf6 {[%emt 0:00:00]} gxf6 {[%emt 0:00:00]} 7. O-O-O {[%emt 0:00:00]} d6 {[%emt 0:00:02]} 8. Nf3 {[%emt 0:00:02]} f5 {[%emt 0:00:00]} 9. Qc4 {[%emt 0:00:01]} Be6 {[%emt 0:00:02]} 10. Qb5 {[%emt 0:00:00]} Rb8 {[%emt 0:00:02]} 11. Nd4 {[%emt 0:00:02]} a6 {[%emt 0:00:01]} 12. Qa4 {[%emt 0:00:02]} Bd7 {[%emt 0:00:04]} 13. e3 {[%emt 0:00:05]} b5 {[%emt 0:00:05]} 14. Qb3 {[%emt 0:00:05]} Na5 {[%emt 0:00:07]} 15. Qd5 {[%emt 0:00:01]} c6 {[%emt 0:00:02]} 16. Qf3 {[%emt 0:00:01]} c5 {[%emt 0:00:02]} 17. Nxf5 {[%emt 0:00:01]} b4 {[%emt 0:00:02]} 18. Nd5 {[%emt 0:00:01]} Be6 {[%emt 0:00:03]} 19. Ng7+ {[%emt 0:00:01]} Kf8 {[%emt 0:00:02]} 20. Nxe6+ {[%emt 0:00:01] Ao017545 terk eder Ao017545 terk eder Ao017545 terk eder Ao017545 terk eder Ao017545 terk eder (Lag: Av=1.09s, max=1.9s) (Lag: Av=1.09s, max=1.9s) (Lag: Av=1.09s, max=1.9s) (Lag: Av=1.09s, max=1.9s) (Lag: Av=1.09s, max=1.9s)} 1-0

[Event "Stay Safe Play From Home 361"]
[Site "Emanuel Lasker Arena"]
[Date "2020.08.06"]
[Round "8"]
[White "Nuktotitakoi"]
[Black "SoulofWolf"]
[Result "1-0"]
[WhiteElo "2471"]
[BlackElo "2296"]
[Annotator "TA"]
[PlyCount "83"]
[EventDate "2020.08.06"]
[EventType "swiss (blitz)"]

{[%evp 11,83,37,35,39,35,22,41,36,27,25,30,28,211,199,204,205,1499,1497,1570,1508,1735,1718,1853,1814,1933,1922,1954,1917,2555,2453,29983,29984,29984,29984,29986,29987,29989,29990,29991,29990,29997,29996,29996,29994,29994,29993,29993,29994,29995,29996,29996,29992,29996,29997,29997,29997,29998,29997,29997,29998,29998,29998,29998,29994,29994,29994,29994,29994,29994,29994,29994,29995,29996,2599]} 1. e4 e6 2. Nc3 c5 3. Nf3 Nc6 4. d4 cxd4 5. Nxd4 a6 6. g3 Bc5 7. Nb3 {B46: Sicilian: Taimanov: 5 Nc3 a6.} Ba7 8. Bg2 Nf6 {[#]} 9. Qe2 $146 {White is slightly better.} ({Predecessor:} 9. O-O h6 10. a4 d6 11. Nd2 e5 12. Nc4 Nd4 13. h3 Be6 14. Nd5 Bxd5 15. exd5 Nf5 16. Kh1 Rc8 17. b3 {½-½ (44) Grigorian,R (2078)-Tairi,K (1864) Budva 2013}) 9... d6 10. Be3 O-O 11. O-O-O {[%cal Ba1d1,Bd1d6,Bd6b6][%mdl 32]} Bb6 $2 (11... Bxe3+ $11 12. Qxe3 Qc7) 12. Bxb6 $18 Qxb6 13. Rxd6 Ne5 $2 (13... e5 14. Nd5 Qb5 15. Nxf6+ gxf6) 14. Rxb6 Ned7 15. Rd6 Ne5 16. f4 Ng6 17. e5 Ne8 18. Rd8 Ne7 19. Ne4 f5 20. Nd6 Nxd6 21. Rxf8+ {White mates.} Kxf8 22. exd6 Nc6 23. Nc5 Nd4 24. Qe5 Nc6 25. Nxe6+ Kf7 26. Qxg7+ Kxe6 27. Re1+ Kxd6 28. Bxc6 Kxc6 29. Re7 Kb6 30. Qd4+ Kc6 31. Qe5 Kb6 32. Qc7+ Ka7 33. Qc5+ Kb8 {[#]} 34. Qb6 $1 h5 {[#]} 35. Re8 $1 h4 36. gxh4 a5 37. Qd6+ Ka7 38. h5 a4 39. a3 Rb8 40. h6 b6 41. h7 Bb7 42. Qxb8+ {Black got outplayed after the opening} (42. Rxb8 $142 Ka6 43. h8=Q Kb5 44. Rxb7 Kc4 45. Qc6#) 1-0